000 00628cam a2200241 4500
008 090401t1992 xxu||||| |||| 00| 0 eng d
020 _a0851255272
035 _a(Sirsi) u30907
041 _aeng
050 _a693.97
110 _aBuilding Research Establishment
245 _aRiley steel-framed houses.
260 _aGarston, Watford
_bBRE
_c1992
300 _a5p. : ill. ; 30cm.
350 _a5
490 _aBRE Report
_v221
650 _aBUILDING DEFECTS
650 _aPREFABRICATION
650 _aSTEEL FRAMED HOUSES
690 _aBUILT ENVIRONMENT-CONSTRUCTION DESIGN
942 _n0
948 _c04/03/1997
999 _c89528
_d89528